Глубоководная разведка и добыча нефти

Bibliographische Detailangaben
1. Verfasser: Леффлер У. Л. Уильям Л.
Weitere Verfasser: Паттароззи Р. Ричард, Стерлинг Г. Гордон
Zusammenfassung:Книга «Глубоководная разведка и добыча нефти» — наиболее полное и авторитетное руководство по экономике, технологии и оборудованию в данной отрасли. В ней подробно изложены все вопросы, связанные с глубоководной добычей нефти, включая историю отрасли, а также перспективы будущего развития глубоководных технологий. Если вы работаете в нефтегазовой отрасли, то вам еще не раз поможет это удобное справочное издание, снабженное множеством рисунков и таблиц. Книга предназначена как для специалистов, так и для широкого круга читателей.
Sprache:Russisch
Veröffentlicht: Москва, Олимп-Бизнес, 2008
Schriftenreihe:Для профессионалов и неспециалистов
Schlagworte:
Format: Buch
KOHA link:https://koha.lib.tpu.ru/cgi-bin/koha/opac-detail.pl?biblionumber=137609

MARC

LEADER 00000nam0a2200000 4500
001 137609
005 20231101220706.0
010 |a 9785969300712 
035 |a (RuTPU)RU\TPU\book\149134 
090 |a 137609 
100 |a 20080514d2008 km y0rusy50 ca 
101 0 |a rus 
102 |a RU 
105 |a a z 001zy 
200 1 |a Глубоководная разведка и добыча нефти  |f У. Л. Леффлер, Р. Паттароззи, Г. Стерлинг 
210 |a Москва  |c Олимп-Бизнес  |d 2008 
215 |a 242 с.  |c ил. 
225 1 |a Для профессионалов и неспециалистов 
320 |a Предметно-тематический указатель: с. 232-242. 
330 |a Книга «Глубоководная разведка и добыча нефти» — наиболее полное и авторитетное руководство по экономике, технологии и оборудованию в данной отрасли. В ней подробно изложены все вопросы, связанные с глубоководной добычей нефти, включая историю отрасли, а также перспективы будущего развития глубоководных технологий. Если вы работаете в нефтегазовой отрасли, то вам еще не раз поможет это удобное справочное издание, снабженное множеством рисунков и таблиц. Книга предназначена как для специалистов, так и для широкого круга читателей. 
606 1 |a Нефтепромысловые сооружения морские  |2 stltpush  |3 (RuTPU)RU\TPU\subj\71855  |9 85570 
610 1 |a нефтедобывающая промышленность 
610 1 |a нефть 
610 1 |a история 
610 1 |a глубоководная разведка 
610 1 |a скважины 
610 1 |a бурение 
610 1 |a заканчивание 
610 1 |a нефтяные месторождения 
610 1 |a разработка 
610 1 |a закрепленные системы 
610 1 |a плавучие установки 
610 1 |a плавучие нефтеналивные хранилища 
610 1 |a штанговые платформы 
610 1 |a подводные эксплуатационные системы 
610 1 |a трубопроводы 
675 |a 622.276.04  |v 3 
700 1 |a Леффлер  |b У. Л.  |g Уильям Л. 
701 1 |a Паттароззи  |b Р.  |g Ричард 
701 1 |a Стерлинг  |b Г.  |g Гордон 
801 1 |a RU  |b 63413507  |c 20080514  |g PSBO 
801 2 |a RU  |b 63413507  |c 20150723  |g PSBO 
900 |a Нефтегазовое дело 
900 |a Заканчивание скважин 
900 |a Методика поисков и разведки нефтегазовых месторождений 
900 |a Методика поисков и разведки нефтяных и газовых месторождений 
942 |c BK 
959 |a 49/20080514  |d 1  |e 1200,00  |f ЧЗТЛ:1 
959 |a 110/20081112  |d 1  |e 1200,00  |f АНЛ:1